Maple for trigonometry / (Record no. 3229)

000 -LEADER
fixed length control field 00956nam a2200301 a 4500
001 - CONTROL NUMBER
control field 4497599
003 - CONTROL NUMBER IDENTIFIER
control field OSt
005 - DATE AND TIME OF LATEST TRANSACTION
control field 20160907162214.0
008 - FIXED-LENGTH DATA ELEMENTS--GENERAL INFORMATION
fixed length control field 970328s1997 nyua 001 0 eng d
010 ## - LIBRARY OF CONGRESS CONTROL NUMBER
LC control number 97159703
020 ## - INTERNATIONAL STANDARD BOOK NUMBER
International Standard Book Number 0827374097 (pbk.)
035 ## - SYSTEM CONTROL NUMBER
System control number (OCoLC)36643617
035 ## - SYSTEM CONTROL NUMBER
System control number 3702-99460
040 ## - CATALOGING SOURCE
Original cataloging agency OCo
Transcribing agency OCo
Modifying agency DLC
042 ## - AUTHENTICATION CODE
Authentication code lccopycat
050 00 - LIBRARY OF CONGRESS CALL NUMBER
Classification number QA538.P37 1997
082 00 - DEWEY DECIMAL CLASSIFICATION NUMBER
Classification number 516.24/078/553042
Edition number 21
100 1# - MAIN ENTRY--PERSONAL NAME
Personal name Parker, Richard,
Dates associated with a name 1938-
245 10 - TITLE STATEMENT
Title Maple for trigonometry /
Statement of responsibility, etc Richard Parker.
260 ## - PUBLICATION, DISTRIBUTION, ETC. (IMPRINT)
Place of publication, distribution, etc Albany, N.Y. :
Name of publisher, distributor, etc Delmar,
Date of publication, distribution, etc c1997.
300 ## - PHYSICAL DESCRIPTION
Extent viii, 235 p. :
Other physical details ill. ;
Dimensions 24 cm.
500 ## - GENERAL NOTE
General note Includes index.
630 00 - SUBJECT ADDED ENTRY--UNIFORM TITLE
Uniform title Maple (Computer file)
650 #0 - SUBJECT ADDED ENTRY--TOPICAL TERM
Topical term or geographic name as entry element Trigonometry
General subdivision Computer-assisted instruction.
906 ## - LOCAL DATA ELEMENT F, LDF (RLIN)
a 7
b cbc
c copycat
d 2
e ncip
f 19
g y-gencatlg
942 ## - ADDED ENTRY ELEMENTS (KOHA)
Source of classification or shelving scheme
Koha item type Book
Holdings
Withdrawn status Lost status Source of classification or shelving scheme Damaged status Not for loan Home library Current library Shelving location Date acquired Total Checkouts Full call number Barcode Date last seen Copy number Price effective from Koha item type
          Riara University Library Riara University Library General stack 07/09/2016   QA538.P37 1997 7387/16 07/09/2016 C.1 07/09/2016 Book

Riara University Library,
P.O. Box 49940-00100,
Nairobi, Kenya.